Method to resolve the properties of individual phases in carbon black loaded elastomer blends (Record no. 62863)

MARC details
000 -LEADER
fixed length control field 00427nam a2200145Ia 4500
100 ## - MAIN ENTRY--AUTHOR NAME
Personal name Bauer R F
245 #0 - TITLE STATEMENT
Title Method to resolve the properties of individual phases in carbon black loaded elastomer blends
260 ## - PUBLICATION, DISTRIBUTION, ETC. (IMPRINT)
Name of publisher Proc.Conf. ACS., Las Vegas
Year of publication 1990
500 ## - GENERAL NOTE
General note Source Year: 1992
650 ## - SUBJECT ADDED ENTRY--TOPICAL TERM
Topical Term Carbon black
700 ## - ADDED ENTRY--PERSONAL NAME
Personal name Crossland A H
856 ## - ELECTRONIC LOCATION AND ACCESS
Uniform Resource Identifier IRRDB
942 ## - ADDED ENTRY ELEMENTS (KOHA)
Koha item type Journals
Holdings
Withdrawn status Lost status Damaged status Not for loan Home library Current library Date acquired Serial Enumeration / chronology Koha item type
      Journals RRII Library RRII Library 17/12/2021 Volume 51A, Issue 0 Journals